000 00676nam a2200205 i 4500
001 20246
003 ES-MaACL
005 20230906152249.0
007 t|
008 021108s1868 po ||||1| por d
080 _a549
100 1 _aAguiar, Antonio Augusto de.
_9195383
245 1 0 _aCurso elementar de sciencias physicas e naturaes para uso dos lyceus :
_bmineralogia /
_cpor Antonio Augusto de Aguiar... e José Julio Rodrigues...
260 _aLisboa :
_b[s.n.],
_c1868 (
_fImp. Nacional)
300 _a38 p. :
_bil. ;
_c20 cm.
650 4 _aMineralogía.
_915053
700 1 _aRodrigues, José Julio.
_9131926
852 4 _aES-MaACL
_jT-134-F-4
999 _c20246
_d20246